Govt. of
Madhya Pradesh

Literary Studies (Record no. 36974)

MARC details
000 -LEADER
fixed length control field 004240000a22001690004500
003 - CONTROL NUMBER IDENTIFIER
control field MACL
005 - DATE AND TIME OF LATEST TRANSACTION
control field 20160105170237.0
008 - FIXED-LENGTH DATA ELEMENTS--GENERAL INFORMATION
fixed length control field 160105b xxu||||| |||| 00| 0 eng d
040 ## - CATALOGING SOURCE
Original cataloging agency MACL
Transcribing agency MACL
041 ## - LANGUAGE CODE
Language code of text/sound track or separate title English
082 ## - DEWEY DECIMAL CLASSIFICATION NUMBER
Classification number 824/HUT
100 ## - MAIN ENTRY--PERSONAL NAME
Personal name Bagehot, Walter
9 (RLIN) 25962
245 ## - TITLE STATEMENT
Title Literary Studies
Remainder of title vol 1
260 ## - PUBLICATION, DISTRIBUTION, ETC. (IMPRINT)
Name of publisher, distributor, etc. Longman's Green And Co
Date of publication, distribution, etc. 1898
Place of publication, distribution, etc. Bombay
650 ## - SUBJECT ADDED ENTRY--TOPICAL TERM
Topical term or geographic name as entry element Essays
9 (RLIN) 28304
942 ## - ADDED ENTRY ELEMENTS (KOHA)
Koha item type Books
Call number prefix 824/BAG
Source of classification or shelving scheme

No items available.